000 00308nam a2200121Ia 4500
008 191201s2008 xx 000 0 und d
100 _aFEYNMAN, Richard P
245 0 _aLecturer on Physics vol-1
260 _aN. delhi
_bNarosa Publication House
_c2008
300 _a608
650 _aApplied
942 _2ddc
_cBK
999 _c6619
_d6619